[Event "4NCL/Div1/NWE1 vs. GUI2"]
[Site "Nottingham ENG"]
[Date "2005.01.22"]
[Round "5.5"]
[White "Hulmes, David I"]
[Black "Cooksey, Paul S"]
[Result "1/2-1/2"]
[WhiteElo "2206"]
[BlackElo "2248"]
[PlyCount "82"]
[EventDate "2005.01.22"]
[SourceDate "2004.09.21"]

1. e4 c6 2. d4 d5 3. e5 c5 4. dxc5 Nc6 5. Bb5 e6 6. Be3 Nge7 7. c3 Bd7 8. Bxc6
Bxc6 9. Nf3 Nf5 10. Bd4 Nxd4 11. Qxd4 b6 12. cxb6 axb6 13. O-O Bc5 14. Qg4 O-O
15. Nd4 Bd7 16. Nd2 Qc7 17. N2f3 Ra4 18. Qg3 f6 19. Rfe1 Re8 20. h3 Bc8 21. b3
Ra8 22. Nb5 Qb8 23. Nfd4 Bd7 24. a4 Rc8 25. Rac1 Bxb5 26. Nxb5 f5 27. Qg5 Qb7
28. Qd2 Qf7 29. Qe2 Rf8 30. b4 Be7 31. Ra1 g5 32. Nd4 Rfc8 33. Qd3 Rc4 34. Nb5
g4 35. Nd4 Rac8 36. Ra3 h5 37. hxg4 hxg4 38. g3 Kg7 39. Kg2 Rh8 40. Raa1 Rhc8
41. Ra3 Rh8 1/2-1/2

[Event "4NCL/Div1/NWE1 vs. GUI2"]
[Site "Nottingham ENG"]
[Date "2005.01.22"]
[Round "5.6"]
[White "Thompson, Ian D"]
[Black "Lund, D Brett"]
[Result "1-0"]
[WhiteElo "2256"]
[BlackElo "2212"]
[PlyCount "64"]
[EventDate "2005.01.22"]
[SourceDate "2004.09.21"]

1. c4 g6 2. Nc3 Bg7 3. g3 c5 4. Bg2 Nc6 5. Nf3 Nh6 6. e4 d6 7. h3 f5 8. d3 O-O
9. O-O a6 10. Rb1 Rb8 11. Nd5 b5 12. cxb5 axb5 13. Be3 e6 14. Nf4 fxe4 15. dxe4
Nf7 16. Qd2 Nd4 17. Bxd4 cxd4 18. Nd3 Bb7 19. Rfe1 e5 20. h4 d5 21. Ng5 Nxg5
22. hxg5 dxe4 23. Bxe4 Bxe4 24. Rxe4 Rf5 25. Rbe1 Rxg5 26. Nxe5 Bxe5 27. Rxe5
Rxe5 28. Rxe5 Qd6 29. Qf4 Rf8 30. Qe4 Rd8 31. Re6 Qd5 32. Re8+ Kf7 1-0

[Event "4NCL/Div1/NWE1 vs. GUI2"]
[Site "Nottingham ENG"]
[Date "2005.01.22"]
[Round "5.7"]
[White "Charleshouse, Glenn L"]
[Black "Jackson, Adrian"]
[Result "1-0"]
[WhiteElo "2251"]
[BlackElo "2226"]
[PlyCount "79"]
[EventDate "2005.01.22"]
[SourceDate "2004.09.21"]

1. e4 c5 2. Nf3 d6 3. Bb5+ Nd7 4. d4 Ngf6 5. Nc3 a6 6. Bxd7+ Nxd7 7. O-O g6 8.
dxc5 dxc5 9. Bg5 Bg7 10. Qd5 h6 11. Bh4 g5 12. Bg3 e6 13. Qd3 g4 14. Nd2 Ne5
15. Qe2 h5 16. Rad1 Bd7 17. Nc4 Nxc4 18. Qxc4 b5 19. Qxc5 Rc8 20. Qa3 Qb6 21.
Rd6 b4 22. Qb3 Qa5 23. Rfd1 bxc3 24. Rxd7 O-O 25. bxc3 Rxc3 26. Qb1 Qb5 27. Qc1
Qe2 28. Qf4 Rxc2 29. Qg5 Qxe4 30. Qxh5 Qf5 31. Qh4 Bf6 32. Qh6 Bg5 33. Qh5 Bf6
34. Qxf5 exf5 35. R7d5 Rxa2 36. Rxf5 Kg7 37. Rf4 a5 38. Rxg4+ Kh7 39. h4 Rg8
40. Rf4 $138 {Time.} 1-0

[Event "4NCL/Div1/NWE1 vs. GUI2"]
[Site "Nottingham ENG"]
[Date "2005.01.22"]
[Round "5.8"]
[White "Yurenok, Maria S"]
[Black "Rabbitte, Dominic"]
[Result "1-0"]
[WhiteElo "2078"]
[BlackElo "1970"]
[PlyCount "77"]
[EventDate "2005.01.22"]
[SourceDate "2004.09.21"]

1. d4 Nf6 2. Nf3 g6 3. Bg5 Bg7 4. Nbd2 c5 5. Bxf6 Bxf6 6. Ne4 Bxd4 7. Nxd4 cxd4
8. Qxd4 O-O 9. h4 Nc6 10. Qd2 Qa5 11. c3 f5 12. Ng5 h5 13. f4 Qc7 14. e3 b6 15.
Rd1 Kg7 16. Be2 Rf6 17. O-O Rd6 18. Qc1 Bb7 19. Rxd6 Qxd6 20. Rd1 Qc7 21. Qd2
Rd8 22. c4 Kg8 23. b3 a5 24. Bf3 Bc8 25. Qe2 Rf8 26. Bxh5 Rf6 27. Bf3 e5 28.
Bd5+ Kg7 29. g3 e4 30. h5 Nb4 31. hxg6 Kxg6 32. Qh2 d6 33. Bg8 Nd3 34. Qh8 Bb7
35. Bh7+ Kh5 36. Kg2 Kg4 37. Bg6 Nxf4+ 38. gxf4 Rxg6 39. Qh3# 1-0

[Event "4NCL/Div1/BET vs. RICA"]
[Site "Nottingham ENG"]
[Date "2005.01.22"]
[Round "5.1"]
[White "Johannessen, Leif E"]
[Black "Van der Griendt, Jan W"]
[Result "1-0"]
[WhiteElo "2516"]
[BlackElo "2373"]
[PlyCount "83"]
[EventDate "2005.01.22"]
[SourceDate "2004.09.21"]

1. d4 Nf6 2. c4 e6 3. Nf3 c5 4. Nc3 a6 5. e4 cxd4 6. Nxd4 d6 7. Be3 Be7 8. Be2
Qc7 9. O-O Nbd7 10. Qd2 b6 11. f3 Bb7 12. Rac1 Rc8 13. a3 Qb8 14. b4 Bd8 15.
Kh1 h5 16. g3 Ne5 17. Na4 h4 18. Kg1 hxg3 19. hxg3 Kf8 20. b5 Kg8 21. Bf2 Qa8
22. Nc6 Bxc6 23. bxc6 Qxc6 24. Nc3 Qd7 25. Rfd1 d5 26. cxd5 exd5 27. g4 dxe4
28. Qxd7 Nfxd7 29. Nxe4 Rxc1 30. Rxc1 Kh7 31. Rd1 g5 32. Be3 Kg6 33. Kg2 Be7
34. Bxa6 Ra8 35. Bb5 Rxa3 36. Bc1 Ra2+ 37. Kg3 Nc5 38. Nxc5 Bxc5 39. Rd5 Bf2+
40. Kh3 Nxf3 41. Bc4 f6 42. Bxa2 1-0

[Event "4NCL/Div1/BET vs. RICA"]
[Site "Nottingham ENG"]
[Date "2005.01.22"]
[Round "5.2"]
[White "Hinks-Edwards, Thomas"]
[Black "Williams, Simon K"]
[Result "1/2-1/2"]
[WhiteElo "2383"]
[BlackElo "2487"]
[PlyCount "33"]
[EventDate "2005.01.22"]
[SourceDate "2004.09.21"]

1. c4 f5 2. g3 Nf6 3. Bg2 e6 4. Nf3 Be7 5. O-O O-O 6. d4 d6 7. Nc3 a5 8. Re1
Ne4 9. Qc2 Nxc3 10. bxc3 Nc6 11. d5 Ne5 12. Nd4 Nxc4 13. dxe6 d5 14. Nxf5 Bxe6
15. Nxe7+ Qxe7 16. e4 Qc5 17. Bf4 1/2-1/2

[Event "4NCL/Div1/BET vs. RICA"]
[Site "Nottingham ENG"]
[Date "2005.01.22"]
[Round "5.3"]
[White "Ledger, Andrew J"]
[Black "Bates, Richard A"]
[Result "1/2-1/2"]
[WhiteElo "2450"]
[BlackElo "2377"]
[PlyCount "62"]
[EventDate "2005.01.22"]
[SourceDate "2004.09.21"]

1. e4 c5 2. Nc3 Nc6 3. Bb5 Na5 4. f4 a6 5. Be2 b5 6. Nf3 Bb7 7. d3 e6 8. O-O d5
9. e5 Nh6 10. Qe1 Nc6 11. Bd1 Be7 12. Ne2 Nf5 13. a3 h5 14. Bd2 a5 15. Ng3 g6
16. Nxf5 gxf5 17. h4 b4 18. c3 Ba6 19. Be2 bxa3 20. bxa3 Rb8 21. Ng5 c4 22. d4
Rb3 23. a4 Qb6 24. Kh1 Rb2 25. Be3 Bxg5 26. hxg5 h4 27. Rf3 Kd7 28. Rh3 Ne7 29.
Qd1 Ng6 30. Bh5 Qb3 31. Bxg6 fxg6 1/2-1/2

[Event "4NCL/Div1/BET vs. RICA"]
[Site "Nottingham ENG"]
[Date "2005.01.22"]
[Round "5.5"]
[White "Ansell, Simon"]
[Black "Webb, Laurence E"]
[Result "1-0"]
[WhiteElo "2408"]
[BlackElo "2336"]
[PlyCount "61"]
[EventDate "2005.01.22"]
[SourceDate "2004.09.21"]

1. e4 e5 2. Nf3 Nc6 3. d4 exd4 4. Nxd4 Bc5 5. Nb3 Bb6 6. a4 a6 7. Nc3 Nge7 8.
Bg5 f6 9. Bf4 O-O 10. Nd5 Nxd5 11. exd5 Qe7+ 12. Be2 Ne5 13. a5 Ba7 14. d6 Qxd6
15. Qxd6 cxd6 16. O-O-O Bxf2 17. Rhf1 Bh4 18. g3 Bg5 19. Rxd6 g6 20. h4 Bxf4+
21. gxf4 Nc6 22. Bc4+ Kg7 23. h5 f5 24. Rg1 Ne7 25. Nc5 Rb8 26. Nd3 Ng8 27.
hxg6 h6 28. Bxg8 Kxg8 29. Re1 b6 30. Re7 bxa5 31. Ne5 1-0

[Event "4NCL/Div1/BET vs. RICA"]
[Site "Nottingham ENG"]
[Date "2005.01.22"]
[Round "5.6"]
[White "Nixon, Thomas C M"]
[Black "Duncan, Christopher R"]
[Result "1-0"]
[WhiteElo "2195"]
[BlackElo "2332"]
[PlyCount "63"]
[EventDate "2005.01.22"]
[SourceDate "2004.09.21"]

1. d4 d5 2. Nf3 Nf6 3. g3 Bf5 4. Bg2 e6 5. O-O Be7 6. c4 c6 7. Nc3 O-O 8. Nd2
Nbd7 9. a3 a5 10. b3 Qb8 11. Bb2 b5 12. cxb5 cxb5 13. Ra2 b4 14. axb4 axb4 15.
Na4 Rc8 16. f3 Bc2 17. Qa1 Qb5 18. Re1 Ra7 19. Bf1 Rac7 20. Kg2 {(=)} h5 21.
Rc1 Qb8 22. e3 h4 23. Ba6 Rd8 24. g4 Rc6 25. Nc5 Nxc5 {(=)} 26. dxc5 d4 27.
Rxc2 dxe3 28. Nf1 Rxc5 29. Rxc5 Bxc5 30. Bxf6 gxf6 31. Qxf6 Rd1 32. Qg5+ 1-0

[Event "4NCL/Div1/BET vs. RICA"]
[Site "Nottingham ENG"]
[Date "2005.01.22"]
[Round "5.7"]
[White "Eames, Robert G"]
[Black "Simmons, Matthew"]
[Result "1-0"]
[WhiteElo "2316"]
[BlackElo "2065"]
[PlyCount "59"]
[EventDate "2005.01.22"]
[SourceDate "2004.09.21"]

1. e4 c5 2. Nf3 Nc6 3. d4 cxd4 4. Nxd4 g6 5. c4 Bg7 6. Be3 Nf6 7. Nc3 Ng4 8.
Qxg4 Nxd4 9. Qd1 Ne6 10. Rc1 Qa5 11. Bd3 b6 12. O-O Bb7 13. a3 g5 14. Qd2 Qe5
15. b4 h5 16. Rfd1 h4 17. Bb1 d6 18. c5 bxc5 19. bxc5 Rd8 20. cxd6 exd6 21. Nd5
g4 22. Qb4 Bc8 23. Rxc8 Rxc8 24. Qb7 O-O 25. Ne7+ Kh8 26. Nxc8 g3 27. Nxd6
gxh2+ 28. Kh1 Qh5 29. Qd5 Be5 30. f4 1-0

[Event "4NCL/Div1/WES1 vs. WGR1"]
[Site "Nottingham ENG"]
[Date "2005.01.22"]
[Round "5.1"]
[White "Webb, Richard M"]
[Black "McShane, Luke"]
[Result "0-1"]
[WhiteElo "2313"]
[BlackElo "2614"]
[PlyCount "54"]
[EventDate "2005.01.22"]
[SourceDate "2004.09.21"]

1. e4 c5 2. Nf3 Nc6 3. d3 g6 4. g3 Bg7 5. Bg2 e5 6. O-O Nge7 7. c3 d6 8. a3 a5
9. a4 O-O 10. Na3 h6 11. Nb5 Be6 12. Nd2 Na7 13. Nc4 Nxb5 14. axb5 b6 15. Re1
Qc7 16. f4 Rad8 17. h4 Kh8 18. Be3 exf4 19. Bxf4 f6 20. Qe2 g5 21. hxg5 fxg5
22. Bd2 Bd7 23. Qh5 Kg8 24. Na3 Qc8 25. Qe2 Bg4 26. Qe3 d5 27. e5 Nf5 0-1

[Event "4NCL/Div1/WES1 vs. WGR1"]
[Site "Nottingham ENG"]
[Date "2005.01.22"]
[Round "5.3"]
[White "Simons, Martin J"]
[Black "Lalic, Bogdan"]
[Result "1/2-1/2"]
[WhiteElo "2293"]
[BlackElo "2520"]
[PlyCount "41"]
[EventDate "2005.01.22"]
[SourceDate "2004.09.21"]

1. e4 c5 2. Nc3 Nc6 3. g3 g6 4. Bg2 Bg7 5. d3 d6 6. Be3 Rb8 7. a4 a6 8. Qd2 b5
9. axb5 axb5 10. Rb1 b4 11. Nd1 Nd4 12. b3 Nf6 13. h3 O-O 14. Ne2 e5 15. Nxd4
cxd4 16. Bg5 d5 17. exd5 Bb7 18. O-O Bxd5 19. f4 Bxg2 20. Qxg2 exf4 21. Bxf4
1/2-1/2

[Event "4NCL/Div1/WES1 vs. WGR1"]
[Site "Nottingham ENG"]
[Date "2005.01.22"]
[Round "5.4"]
[White "Emms, John M"]
[Black "Corkett, Anthony R"]
[Result "1/2-1/2"]
[WhiteElo "2505"]
[BlackElo "2321"]
[PlyCount "37"]
[EventDate "2005.01.22"]
[SourceDate "2004.09.21"]

1. e4 c5 2. Nf3 Nc6 3. c3 e5 4. Bc4 Be7 5. d4 cxd4 6. cxd4 exd4 7. O-O Nf6 8.
e5 Ne4 9. Bd5 Nc5 10. Re1 Ne6 11. Na3 d6 12. exd6 Qxd6 13. Bxe6 Bxe6 14. Nb5
Qd7 15. Nfxd4 Nxd4 16. Nxd4 Bd5 17. Qh5 O-O {(=)} 18. Nf5 Bf6 19. Re7 1/2-1/2

[Event "4NCL/Div1/WES1 vs. WGR1"]
[Site "Nottingham ENG"]
[Date "2005.01.22"]
[Round "5.5"]
[White "Evans-Quek, Suan-Shiau"]
[Black "Ward, Christopher"]
[Result "0-1"]
[WhiteElo "2295"]
[BlackElo "2485"]
[PlyCount "96"]
[EventDate "2005.01.22"]
[SourceDate "2004.09.21"]

1. e4 c5 2. Nf3 d6 3. d3 Nc6 4. g3 g6 5. Bg2 Bg7 6. O-O e5 7. Nc3 Nge7 8. Bg5
h6 9. Be3 O-O 10. Nd5 Nxd5 11. exd5 Ne7 12. Ne1 f5 13. Qc1 f4 14. gxf4 exf4 15.
Bxf4 Bxb2 16. Qxb2 Rxf4 17. Be4 Bh3 18. Ng2 Rf7 19. d4 Nf5 20. dxc5 dxc5 21.
Qa3 Bxg2 22. Bxg2 Qg5 23. f4 Qg4 24. Kh1 Re8 25. Rf3 Re2 26. Rg1 Nh4 27. Rg3
Qxf4 28. Qd3 Qd2 29. d6 Kf8 30. d7 Rxd7 31. Qc4 Rxg2 32. Rf1+ Kg7 33. Qxh4 Rxg3
34. Qxg3 Qb4 35. Rf3 Qd4 36. Rf1 Qd5+ 37. Kg1 Qg5 38. Qxg5 hxg5 39. Rf3 Rd1+
40. Kg2 Rd2+ 41. Kg3 c4 42. Rc3 b5 43. Ra3 Rxc2 44. Rxa7+ Kh6 45. Rb7 Rb2 46.
a4 Rb3+ 47. Kf2 bxa4 48. Rc7 Rc3 0-1

[Event "4NCL/Div1/WES1 vs. WGR1"]
[Site "Nottingham ENG"]
[Date "2005.01.22"]
[Round "5.6"]
[White "Gormally, Daniel W"]
[Black "Yeo, Michael J"]
[Result "1/2-1/2"]
[WhiteElo "2472"]
[BlackElo "2222"]
[PlyCount "87"]
[EventDate "2005.01.22"]
[SourceDate "2004.09.21"]

1. e4 e5 2. Nf3 Nc6 3. Bb5 a6 4. Ba4 d6 5. Bxc6+ bxc6 6. d4 f6 7. Nh4 Ne7 8.
dxe5 fxe5 9. Bg5 Qd7 10. h3 Qe6 11. Nc3 h6 12. Bxe7 Bxe7 13. Qh5+ Kd8 14. Ng6
Rg8 15. f4 exf4 16. O-O Bd7 17. Nxf4 Qe5 18. Qxe5 dxe5 19. Nd3 Bf6 20. Na4 Ke7
21. Nac5 Be8 22. Rad1 a5 23. a4 Bg6 24. Nc1 Rgd8 25. N1b3 Bg5 26. Kf2 Bf7 27.
g3 Bc4 28. Rxd8 Rxd8 29. Re1 Bd2 30. Ra1 Rf8+ 31. Kg2 Be3 32. Nd3 Bxd3 33. cxd3
Rf2+ 34. Kh1 Bb6 35. Rd1 Rxb2 36. Nd2 Ra2 37. Nc4 Ke6 38. Rc1 c5 39. Rf1 Rxa4
40. Rf5 Ra2 41. Rxe5+ Kf6 42. Rf5+ Ke6 43. Re5+ Kf6 44. Rf5+ 1/2-1/2

[Event "4NCL/Div1/WES1 vs. WGR1"]
[Site "Nottingham ENG"]
[Date "2005.01.22"]
[Round "5.7"]
[White "Upton, Ian J"]
[Black "Hunt, Harriet"]
[Result "1/2-1/2"]
[WhiteElo "2242"]
[BlackElo "2415"]
[PlyCount "89"]
[EventDate "2005.01.22"]
[SourceDate "2004.09.21"]

1. e4 c5 2. f4 d5 3. exd5 Nf6 4. Bb5+ Nbd7 5. c4 g6 6. Nc3 Bg7 7. Nf3 O-O 8. d3
Nb6 9. O-O e6 10. dxe6 Bxe6 11. Be3 Qc7 12. Ng5 Bf5 13. Nge4 a6 14. Ba4 Bxe4
15. dxe4 Nxc4 16. Bc1 Rad8 17. Qe2 Na5 18. Be3 b5 19. Bc2 Nc4 20. Bc1 Rfe8 21.
e5 Nd5 22. Nxd5 Rxd5 23. b3 Nb6 24. Be3 Rdd8 25. a4 bxa4 26. bxa4 Nd5 27. Bd2
c4 28. Rab1 Bf8 29. Kh1 a5 30. Be4 c3 31. Rfc1 Bb4 32. Qf3 cxd2 33. Rxc7 Nxc7
34. g3 Rd4 35. Rd1 Ne6 36. Qe3 Red8 37. f5 Nc5 38. Bc2 Rc4 39. Qg5 Rdd4 40.
fxg6 hxg6 41. Bxg6 fxg6 42. Qxg6+ Kh8 43. Qh6+ Kg8 44. Qg6+ Kh8 45. Qh6+
1/2-1/2

[Event "4NCL/Div1/WES1 vs. WGR1"]
[Site "Nottingham ENG"]
[Date "2005.01.22"]
[Round "5.8"]
[White "Tiller, Bjorn"]
[Black "Evans-Quek, Debbie"]
[Result "1-0"]
[WhiteElo "2382"]
[BlackElo "1995"]
[PlyCount "33"]
[EventDate "2005.01.22"]
[SourceDate "2004.09.21"]

1. e4 c5 2. d3 Nc6 3. f4 d5 4. Be2 Nd4 5. Nf3 Nxe2 6. Qxe2 dxe4 7. dxe4 b6 8.
O-O Qc7 9. Nc3 a6 10. f5 Nf6 11. e5 Nd7 12. e6 fxe6 13. Ng5 exf5 14. Nd5 Qd6
15. Ne6 Ra7 16. Ndc7+ Kf7 17. Bf4 1-0

[Event "4NCL/Div1/BAR1 vs. AD1"]
[Site "Nottingham ENG"]
[Date "2005.01.22"]
[Round "5.1"]
[White "Parker, Jonathan"]
[Black "Mestel, A Jonathan"]
[Result "1/2-1/2"]
[WhiteElo "2537"]
[BlackElo "2499"]
[PlyCount "85"]
[EventDate "2005.01.22"]
[SourceDate "2004.09.21"]

1. d4 Nf6 2. c4 g6 3. Nc3 Bg7 4. e4 d6 5. f4 O-O 6. Nf3 Na6 7. Bd3 Bg4 8. O-O
Nd7 9. Be2 c5 10. d5 Nc7 11. Ng5 Bxe2 12. Qxe2 e6 13. dxe6 fxe6 14. Be3 Qe7 15.
Rad1 Rad8 16. Bc1 a6 17. Kh1 Nb8 18. Qg4 Nc6 19. Qh3 Bf6 20. Nf3 b5 21. Rde1
bxc4 22. e5 Bh8 23. exd6 Rxd6 24. Ng5 Rd3 25. Qg4 Nd4 26. Nf3 Nxf3 27. Rxf3 Qd7
28. Ne4 Qd5 29. Rff1 Bd4 30. Qe2 Rd8 31. Ng5 Rd6 32. Ne4 Rb6 33. Nf2 Bxf2 34.
Qxf2 Nb5 35. Qh4 Qd8 36. Qg4 Nd4 37. Re5 c3 38. bxc3 Rxc3 39. Be3 Qf6 40. Bg1
Rc2 41. Rd1 Rbb2 42. Rxc5 Ne2 43. Rxc2 1/2-1/2

[Event "4NCL/Div1/BAR1 vs. AD1"]
[Site "Nottingham ENG"]
[Date "2005.01.22"]
[Round "5.2"]
[White "Richardson, John R"]
[Black "Kelly, Brian"]
[Result "0-1"]
[WhiteElo "2309"]
[BlackElo "2497"]
[PlyCount "64"]
[EventDate "2005.01.22"]
[SourceDate "2004.09.21"]

1. d4 d5 2. Nf3 c6 3. c4 Nf6 4. e3 e6 5. Nc3 Nbd7 6. Qc2 Bd6 7. Bd3 O-O 8. O-O
dxc4 9. Bxc4 a6 10. Bd3 e5 11. Ne4 Nxe4 12. Bxe4 h6 13. dxe5 Nxe5 14. Nxe5 Bxe5
15. f4 Bc7 16. Bd2 Re8 17. Bh7+ Kh8 18. Bd3 Qd6 19. e4 Rd8 20. Rf3 Bg4 21. Rg3
Be2 22. Bxe2 Qxd2 23. Qxd2 Rxd2 24. Bc4 Rad8 25. Rf1 Kg8 26. e5 b5 27. Bb3 c5
28. e6 c4 29. e7 Re8 30. Bd1 Rxb2 31. Rg4 Rxe7 32. f5 Bb6+ 0-1

[Event "4NCL/Div1/BAR1 vs. AD1"]
[Site "Nottingham ENG"]
[Date "2005.01.22"]
[Round "5.3"]
[White "Devereaux, Maxim"]
[Black "Lyell, Mark"]
[Result "1-0"]
[WhiteElo "2331"]
[BlackElo "2230"]
[PlyCount "61"]
[EventDate "2005.01.22"]
[SourceDate "2004.09.21"]

1. d4 d5 2. Nf3 Nf6 3. Nc3 Bf5 4. Bf4 e6 5. e3 Be7 6. Bd3 Bxd3 7. cxd3 O-O 8.
Qb3 Nbd7 9. h3 Nb6 10. a4 a5 11. Nb5 Bb4+ 12. Ke2 Rc8 13. Rhc1 c6 14. Nc3 Nfd7
15. Na2 Be7 16. Rc2 f6 17. Kf1 Qe8 18. Re1 Qh5 19. e4 e5 20. exd5 Nxd5 21. Bg3
Qf7 22. Qxb7 Bb4 23. Rec1 Rc7 24. Qa6 N5b6 25. Nxb4 Ra8 26. Qxa8+ Nxa8 27. Nxc6
Qb3 28. dxe5 Nxe5 29. Bxe5 fxe5 30. Nfxe5 Nb6 31. Ne7+ 1-0

[Event "4NCL/Div1/BAR1 vs. AD1"]
[Site "Nottingham ENG"]
[Date "2005.01.22"]
[Round "5.4"]
[White "Snape, Ian"]
[Black "Knott, Simon"]
[Result "1/2-1/2"]
[WhiteElo "2256"]
[BlackElo "2388"]
[PlyCount "52"]
[EventDate "2005.01.22"]
[SourceDate "2004.09.21"]

1. c4 Nf6 2. g3 d5 3. cxd5 Nxd5 4. Nf3 g6 5. Bg2 Bg7 6. O-O O-O 7. d4 Nb6 8.
Nc3 Nc6 9. d5 Na5 10. Qc2 c6 11. dxc6 Nxc6 12. Rd1 Bd7 13. Be3 Bf5 14. Qb3 Qc7
15. Nb5 Qb8 16. Nfd4 Nxd4 17. Bxd4 Bxd4 18. Nxd4 Bg4 19. a4 e5 20. Nf3 Be6 21.
Qb4 f6 22. Rd6 Re8 23. a5 Nd7 24. Rc1 Nf8 25. h4 Re7 26. Rcd1 Qc7 1/2-1/2

[Event "4NCL/Div1/BAR1 vs. AD1"]
[Site "Nottingham ENG"]
[Date "2005.01.22"]
[Round "5.5"]
[White "Collinson, Adam"]
[Black "Wheeler, Darren P"]
[Result "1-0"]
[WhiteElo "2385"]
[BlackElo "2239"]
[PlyCount "51"]
[EventDate "2005.01.22"]
[SourceDate "2004.09.21"]

1. e4 e6 2. b3 d5 3. Bb2 dxe4 4. Nc3 Nf6 5. Qe2 Be7 6. Nxe4 Nxe4 7. Qxe4 Bf6 8.
d4 c5 9. O-O-O cxd4 10. Nf3 Nc6 11. Nxd4 Bxd4 12. Bxd4 O-O 13. Bb2 Qe7 14. g4
e5 15. h3 f5 16. Qe3 Be6 17. Bb5 Rac8 18. Bxc6 Rxc6 19. Qxe5 fxg4 20. hxg4 Rxf2
21. Rd8+ Rf8 22. Rxf8+ Qxf8 23. Rd1 Qf6 24. Qb8+ Rc8 25. Qxc8+ Bxc8 26. Bxf6
1-0

[Event "4NCL/Div1/BAR1 vs. AD1"]
[Site "Nottingham ENG"]
[Date "2005.01.22"]
[Round "5.6"]
[White "Anderton, David"]
[Black "Rogers, Jonathan W"]
[Result "1/2-1/2"]
[WhiteElo "2248"]
[BlackElo "2340"]
[PlyCount "41"]
[EventDate "2005.01.22"]
[SourceDate "2004.09.21"]

1. d4 e6 2. e4 d5 3. exd5 exd5 4. c4 Nf6 5. Nc3 Be7 6. Bd3 Nc6 7. cxd5 Nxd5 8.
Nge2 Ndb4 9. Be4 f5 10. Bxc6+ Nxc6 11. Bf4 Bd6 12. O-O O-O 13. Qb3+ Kh8 14.
Rad1 Bxf4 15. Nxf4 Qd6 16. Nce2 Bd7 17. Qd5 g5 18. Qxd6 cxd6 19. Nd5 Rac8 20.
f4 g4 21. Nec3 1/2-1/2

[Event "4NCL/Div1/BAR1 vs. AD1"]
[Site "Nottingham ENG"]
[Date "2005.01.22"]
[Round "5.7"]
[White "Ferguson, Mark"]
[Black "Wallace, Paul"]
[Result "1-0"]
[WhiteElo "2395"]
[BlackElo "2172"]
[PlyCount "63"]
[EventDate "2005.01.22"]
[SourceDate "2004.09.21"]

1. e4 e5 2. Nf3 Nc6 3. Bc4 Nf6 4. d3 Bc5 5. O-O d6 6. c3 a6 7. Bb3 h6 8. Nbd2
O-O 9. Nc4 Bg4 10. Ne3 Bxe3 11. Bxe3 d5 12. Bc2 Qd7 13. Kh1 Rad8 14. Qe2 Rfe8
15. Rae1 Qd6 16. Bc1 d4 17. h3 Be6 18. a3 Qc5 19. cxd4 Nxd4 20. Nxd4 Qxd4 21.
f4 c5 22. b3 exf4 23. Bxf4 Nd7 24. Rf3 Ne5 25. Rg3 Ng6 26. Be3 Qe5 27. Qf2 Rc8
28. Rb1 a5 29. Bc1 Red8 30. Bb2 Qh5 31. Rf1 Qh4 32. Rxg6 1-0

[Event "4NCL/Div1/BAR1 vs. AD1"]
[Site "Nottingham ENG"]
[Date "2005.01.22"]
[Round "5.8"]
[White "Bellin, Jana"]
[Black "Lauterbach, Ingrid"]
[Result "1/2-1/2"]
[WhiteElo "2184"]
[BlackElo "2182"]
[PlyCount "41"]
[EventDate "2005.01.22"]
[SourceDate "2004.09.21"]

1. d4 d6 2. c4 e5 3. dxe5 dxe5 4. Qxd8+ Kxd8 5. Nf3 f6 6. Nc3 c6 7. Bd2 Be6 8.
e3 Nh6 9. h3 Nd7 10. Ne4 Nf7 11. O-O-O Kc7 12. Ba5+ b6 13. Bc3 a5 14. Be2 Nc5
15. Nxc5 Bxc5 16. b3 Ba3+ 17. Bb2 Be7 18. a3 Nd6 19. Nd2 Rhd8 20. g4 Nb7 21.
Ne4 1/2-1/2

[Event "4NCL/Div1/WGR2 vs. 3CS1"]
[Site "West Bromwich ENG"]
[Date "2005.04.09"]
[Round "7.1"]
[White "Pert, Richard G"]
[Black "Davies, Nigel R"]
[Result "1/2-1/2"]
[WhiteElo "2407"]
[BlackElo "2523"]
[PlyCount "36"]
[EventDate "2005.04.09"]
[SourceDate "2004.09.21"]

1. d4 Nf6 2. c4 e6 3. Nf3 b6 4. Nc3 Bb4 5. Bg5 Bb7 6. Nd2 h6 7. Bh4 Be7 8. Bg3
Nh5 9. e4 Nxg3 10. hxg3 d6 11. f4 Nd7 12. Nf3 c6 13. Qd2 Qc7 14. Bd3 e5 15. d5
Bf6 16. dxc6 Bxc6 17. Rc1 Rc8 18. O-O O-O 1/2-1/2

[Event "4NCL/Div1/WGR2 vs. 3CS1"]
[Site "West Bromwich ENG"]
[Date "2005.04.09"]
[Round "7.2"]
[White "Gordon, Stephen J"]
[Black "Martin, Andrew D"]
[Result "0-1"]
[WhiteElo "2364"]
[BlackElo "2433"]
[PlyCount "64"]
[EventDate "2005.04.09"]
[SourceDate "2004.09.21"]

1. d4 g6 2. e4 Bg7 3. Be3 d6 4. f3 a6 5. Qd2 Nc6 6. Ne2 e5 7. d5 Nce7 8. c4 f5
9. Nbc3 Nf6 10. h3 O-O 11. g4 Kh8 12. O-O-O b5 13. cxb5 axb5 14. a3 Bd7 15. g5
Nh5 16. Rg1 b4 17. axb4 Qb8 18. b5 fxe4 19. fxe4 Bxb5 20. Nxb5 Qxb5 21. Nc3 Qb4
22. Be2 Nf4 23. Qc2 c6 24. h4 cxd5 25. h5 Nxe2+ 26. Qxe2 Rfc8 27. Bd2 d4 28. h6
dxc3 29. hxg7+ Kxg7 30. Bxc3 Rxc3+ 31. bxc3 Qxc3+ 32. Qc2 Ra1# 0-1

[Event "4NCL/Div1/WGR2 vs. 3CS1"]
[Site "West Bromwich ENG"]
[Date "2005.04.09"]
[Round "7.3"]
[White "Arakhamia-Grant, Ketevan"]
[Black "Ashton, Adam G"]
[Result "1/2-1/2"]
[WhiteElo "2452"]
[BlackElo "2299"]
[PlyCount "77"]
[EventDate "2005.04.09"]
[SourceDate "2004.09.21"]

1. e4 e5 2. Nf3 Nc6 3. Bb5 a6 4. Ba4 Nf6 5. O-O Be7 6. Re1 b5 7. Bb3 O-O 8. h3
d6 9. c3 Na5 10. Bc2 c5 11. d3 Bb7 12. Nbd2 Re8 13. Nf1 h6 14. Ng3 Bf8 15. a3
d5 16. exd5 Qxd5 17. b4 Nc6 18. Be3 cxb4 19. axb4 Rad8 20. Qb1 Qd7 21. Bb6 Rb8
22. Ne4 Nxb4 23. cxb4 Bxe4 24. dxe4 Rxb6 25. Qb2 Qe7 26. Rab1 Nd7 27. Red1 Rd6
28. Rxd6 Qxd6 29. Rd1 Qc7 30. Bb3 Nf6 31. Rc1 Qe7 32. Rc5 Nxe4 33. Nxe5 Nd6 34.
Qa2 Nc4 35. Bxc4 bxc4 36. Qxc4 Qe6 37. Ra5 Qxc4 38. Nxc4 Bxb4 39. Rxa6 1/2-1/2

[Event "4NCL/Div1/WGR2 vs. 3CS1"]
[Site "West Bromwich ENG"]
[Date "2005.04.09"]
[Round "7.4"]
[White "Bentley, John L"]
[Black "Levitt, Jonathan P"]
[Result "1/2-1/2"]
[WhiteElo "2216"]
[BlackElo "2441"]
[PlyCount "49"]
[EventDate "2005.04.09"]
[SourceDate "2004.09.21"]

1. d4 Nf6 2. c4 e6 3. Nc3 Bb4 4. Bg5 c5 5. d5 d6 6. e3 h6 7. Bh4 e5 8. Qc2
Bxc3+ 9. Qxc3 Nxd5 10. Bxd8 Nxc3 11. Bh4 Ne4 12. Bd3 Bf5 13. f3 Ng3 14. e4 Bxe4
15. Bxe4 Nxe4 16. fxe4 Nc6 17. Ne2 a6 18. Bf2 b5 19. cxb5 axb5 20. Nc3 Kd7 21.
Ke2 Rhb8 22. Rhd1 Ke6 23. Nd5 Ra4 24. Nc3 Ra5 25. b3 1/2-1/2

[Event "4NCL/Div1/WGR2 vs. 3CS1"]
[Site "West Bromwich ENG"]
[Date "2005.04.09"]
[Round "7.5"]
[White "Pein, Malcolm"]
[Black "James, Dale R"]
[Result "1/2-1/2"]
[WhiteElo "2419"]
[BlackElo "2199"]
[PlyCount "84"]
[EventDate "2005.04.09"]
[SourceDate "2004.09.21"]

1. d4 Nf6 2. Nf3 b6 3. c4 Bb7 4. Nc3 e6 5. a3 d6 6. d5 Nbd7 7. g3 e5 8. Bg2 h6
9. O-O g5 10. e4 Bg7 11. b4 Nf8 12. c5 Ng6 13. Nd2 O-O 14. c6 Bc8 15. a4 a6 16.
Nc4 Nh7 17. Ne3 Ne7 18. Qd3 f5 19. exf5 g4 20. Nxg4 Nxf5 21. Ne4 h5 22. Ne3 Nd4
23. Nc2 Bf5 24. Nxd4 exd4 25. Bb2 Ng5 26. Bxd4 Bh6 27. f4 Nh3+ 28. Kh1 h4 29.
Qf3 Qe8 30. Nf6+ Rxf6 31. Bxf6 Qg6 32. Bb2 Rf8 33. Rae1 Rf7 34. Re8+ Bf8 35.
Qc3 Rh7 36. Re3 Bg7 37. Qc1 hxg3 38. Rxg3 Qxg3 39. hxg3 Nxf4+ 40. Kg1 Ne2+ 41.
Kf2 Nxc1 42. Bxc1 Bd3 1/2-1/2